Coupe du Monde de Football 1934 (click quiz) - Statistiques

Statistiques générales
  • Ce quiz a été pris 25 fois
  • Le résultat moyen est 7 sur 16
Statistiques - réponses
Hint Réponse % Correct
Egypte Huitième de finale
68%
Italie Vainqueur
64%
Espagne Quart de finale
59%
Belgique Huitième de finale
55%
Etats-Unis Huitième de finale
50%
Allemagne Demi-finale
45%
Tchécoslovaquie Finaliste
45%
Autriche Demi-finale
41%
Argentine Huitième de finale
41%
Roumanie Huitième de finale
41%
Suisse Quart de finale
41%
Pays-Bas Huitième de finale
36%
Hongrie Quart de finale
36%
France Huitième de finale
32%
Suède Quart de finale
32%
Brésil Huitième de finale
18%
Aucun quiz correspondant
Distribution des résultats
% des personnes avec chaque résultat
Percentile par nombre de réponses
Votre historique - résultats
Vous n’avez pas pris ce quiz